000 00874nam a22002777a 4500
003 CHAP
005 20220329134633.0
008 971013s1978 r 00010 d
010 _a23392
011 _a24364
035 _a28463
040 _cCHAP
082 _a620.136
_bB7Y
100 0 0 _aBranson, Dan E.
_915045
245 _aDeflexiones de estructuras de concreto reforzado y presforzado
260 _aMéxico, D. F. :
_bInstituto Mexicano del Cemento y del Concreto,
_c1978
300 _a128 p.
_b: ilus. ; gráfs.
590 _aBATCH-UPD
_b10
_c20130110
_lUCH01
_h0226
590 _aBATCH-UPD
_b10
_c20130110
_lUCH01
_h1756
590 _aCONVERSION
_b10
_c20130109
_lUCH01
_h1314
650 1 4 _aConcreto preforzado.
_926308
650 1 4 _aConcreto.
_926302
901 _aBK
942 _cLIBRO
949 _a620.136 B7Y
_bBC
_cLIBRO
_d33724000013942
_eLIBRO
_h58154
_i28463
_si
999 _c23392
_d23392